000 00537cam a2200205ua 4500
001 8147
005 20260515114311.0
008 150109n ii |||gr||||Z||||||hin
020 _a8128806734
040 _cMAIN
041 _ahin
082 _a133.5
100 _aShrimali, R.,
_eAuthor.
245 1 _aChinnamasta evam tripurbharvi tantarik sadhnaya
_cBy Radhakrishna Shrimali
250 _a1st.
260 _aNew Delhi:
_bDiamond,
_c2004.
300 _a156p.
653 _aSpecific topics in parapsychology & occultism
942 _cBK
999 _c7257
_d7257